000 00350pam a2200157 a 4500
020 _c
041 _h
082 _a658.407124
100 _aMUMFORD
_eAuthor
245 _aDEVELOPING TOP MANAGERS
_cMUMFORD
_hTextual Documents
260 _anew delhi
_bVikas Pub
300 _a242
653 _aManagement
700 _eCo-Author
930 _a1102
999 _c243715
_d243715